The ghost cadet / (Record no. 2435)

MARC details
000 -LEADER
fixed length control field 01102cam a2200289 a 4500
005 - DATE AND TIME OF LATEST TRANSACTION
control field 20231207110536.0
020 ## - INTERNATIONAL STANDARD BOOK NUMBER
International Standard Book Number 0805016147
Terms of availability $14.95
040 ## - CATALOGING SOURCE
Original cataloging agency DLC
Transcribing agency DLC
Modifying agency DLC
Language of cataloging eng
050 00 - LIBRARY OF CONGRESS CALL NUMBER
Classification number PZ7.A4625
Item number Gh 1991
082 00 - DEWEY DECIMAL CLASSIFICATION NUMBER
Classification number 823.4
Edition number 20
100 1# - MAIN ENTRY--PERSONAL NAME
Personal name Alphin, Elaine Marie
245 14 - TITLE STATEMENT
Title The ghost cadet /
Statement of responsibility, etc. Elaine Marie Alphin
250 ## - EDITION STATEMENT
Edition statement First Scholastic printing, November 1991
260 ## - PUBLICATION, DISTRIBUTION, ETC.
Place of publication, distribution, etc. New York :
Name of publisher, distributor, etc. Scholastic,
Date of publication, distribution, etc. 1991
300 ## - PHYSICAL DESCRIPTION
Extent 182 pages :
Dimensions 22 cm
505 ## - FORMATTED CONTENTS NOTE
Formatted contents note P
520 ## - SUMMARY, ETC.
Summary, etc. Twelve-year-old Benjy, in Virginia visiting the grandmother he has never met, meets the ghost of a Virginia Military Institute cadet who was killed in the Battle of New Market in 1864 and helps him recover his family's treasured gold watch.
521 ## - TARGET AUDIENCE NOTE
Target audience note 830
Source Lexile
521 ## - TARGET AUDIENCE NOTE
Target audience note P
Source Raz-Plus
650 #0 - SUBJECT ADDED ENTRY--TOPICAL TERM
Topical term or geographic name entry element New Market, Battle of, New Market, Va., 1864
Form subdivision Juvenile fiction.
650 #1 - SUBJECT ADDED ENTRY--TOPICAL TERM
Topical term or geographic name entry element New Market, Battle of, New Market, Va., 1864
Form subdivision Fiction.
650 #1 - SUBJECT ADDED ENTRY--TOPICAL TERM
Topical term or geographic name entry element Ghosts
Form subdivision Fiction.
650 #1 - SUBJECT ADDED ENTRY--TOPICAL TERM
Topical term or geographic name entry element Grandmothers
Form subdivision Fiction.
906 ## - LOCAL DATA ELEMENT F, LDF (RLIN)
a 7
b cbc
c orignew
d 1
e ocip
f 19
g y-gencatlg
942 ## - ADDED ENTRY ELEMENTS (KOHA)
Source of classification or shelving scheme Dewey Decimal Classification
Koha item type Books
Suppress in OPAC No
999 ## -
-- 2435
-- 2435
Holdings
Withdrawn status Lost status Source of classification or shelving scheme Damaged status Not for loan Collection Home library Current library Shelving location Date acquired Total Checkouts Full call number Barcode Date last seen Price effective from Koha item type
    Dewey Decimal Classification     Fiction Footprints International School Library Network Toul Kork Campus Footprints International School Library Network Toul Kork Campus TTP Secondary Fiction Bookshelves 12/07/2023   ALP 823.4 PZ7.A4625 FIS01064 12/07/2023 12/07/2023 Books